000 00544nam a22001697a 4500
005 20251108165520.0
008 250721s9999 xx 000 0 ara d
082 1 4 _aم/210/زحي
100 1 _aالزحيلي، محمد
245 1 0 _aمرجع العلوم الإسلامية :
_bتعريفها - تاريخها - أئمتها- علمائها /
264 1 _aدمشق :
_bدار المعرفة،
_c[19-].
300 _a802ص
650 1 7 _aالإسلام
650 1 7 _aالعلوم الإسلامية
942 _2ddc
_cREF
999 _c29737
_d29737